[Event "Mondariz op 10th"]
[Site "Mondariz"]
[Date "2012.09.01"]
[Round "8"]
[White "Pinho, Paulo Miguel"]
[Black "Adrian Abad, Miguel"]
[Result "1-0"]
[WhiteElo "2159"]
[BlackElo "1566"]
[PlyCount "69"]
[EventDate "2012.08.25"]
[EventType "swiss"]
[EventRounds "8"]
[EventCountry "ESP"]
[SourceTitle "EXT 2014"]
[Source "ChessBase"]
[SourceDate "2013.11.20"]
[SourceVersion "1"]
[SourceVersionDate "2013.11.20"]
[SourceQuality "1"]

1. d4 Nf6 2. c4 g6 3. Nc3 Bg7 4. e4 d6 5. Nf3 0-0 6. Be2 e5 7. 0-0 Nbd7 8. Qc2 c6 9. Rd1 Qc7 10. Rb1 exd4 11. Nxd4 Nc5 12. Bf4 Rd8 13. b4 Ne6 14. Nxe6 Bxe6 15. c5 Qc8 16. Bxd6 Bg4 17. f3 Be6 18. Bf1 Ne8 19. Bf4 Bxc3 20. Qxc3 Bxa2 21. Bg5 f6 22. Bxf6 Nxf6 23. Qxf6 Rf8 24. Qb2 Bxb1 25. Bc4+ Rf7 26. Qxb1 Qc7 27. Rd6 b5 28. Bb3 Kf8 29. Qb2 Rd8 30. Qh8+ Ke7 31. Qe5+ Kf8 32. Bxf7 Rxd6 33. Qh8+ Ke7 34. Qe8+ Kf6 35. e5+ 1-0

[Event "Huarte Puente Foral op-B 5th"]
[Site "Huarte"]
[Date "2010.12.04"]
[Round "2"]
[White "Adrian Abad, Miguel"]
[Black "Jimenez Penafiel, Gustavo"]
[Result "0-1"]
[WhiteElo "1612"]
[BlackElo "1802"]
[PlyCount "128"]
[EventDate "2010.12.03"]
[EventType "swiss"]
[EventRounds "7"]
[EventCountry "ESP"]
[SourceTitle "EXT 2016"]
[Source "ChessBase"]
[SourceDate "2015.10.08"]
[SourceVersion "1"]
[SourceVersionDate "2015.10.08"]
[SourceQuality "1"]

1. d4 Nf6 2. Bg5 d5 3. e3 e6 4. Nf3 Be7 5. Nbd2 0-0 6. Bd3 c5 7. c3 Nbd7 8. 0-0 h6 9. Bh4 a6 10. e4 dxe4 11. Nxe4 Nxe4 12. Bxe7 Qxe7 13. Bxe4 Nf6 14. Bc2 Rd8 15. Qe2 Bd7 16. Rad1 Bc6 17. Ne5 cxd4 18. Nxc6 bxc6 19. cxd4 Qb4 20. Qd2 c5 21. Qxb4 cxb4 22. a3 bxa3 23. bxa3 Rd6 24. Rd2 Rad8 25. Rb1 Nd5 26. Rb3 Nc7 27. a4 g6 28. Rb7 Nd5 29. g3 Kf8 30. Bd3 Ne7 31. Rc2 Nd5 32. Be4 R8d7 33. Bxd5 Rxd5 34. Rxd7 Rxd7 35. Rc6 a5 36. Rc4 Ke7 37. f3 Kd6 38. Rc5 Ke7 39. Rc4 Rb7 40. Rc5 Rb4 41. Rxa5 Rxd4 42. Ra7+ Kf6 43. Kf2 Rd3 44. Ke2 Ra3 45. g4 Ra2+ 46. Ke3 Rxh2 47. Rb7 Ra2 48. Rb4 Ke5 49. Rb5+ Kd6 50. Rb7 f6 51. Rh7 Rxa4 52. Rxh6 Ke5 53. Rh4 Ra3+ 54. Kf2 Kf4 55. Rh3 e5 56. Ke2 e4 57. Rh6 exf3+ 58. Kf2 Ra2+ 59. Kf1 Ra5 60. Kf2 Kxg4 61. Rh1 Kf4 62. Rb1 Ra2+ 63. Kf1 Kg3 64. Rb6 Ra1+ 0-1

[Event "Huarte Puente Foral op-B 4th"]
[Site "Huarte"]
[Date "2009.12.03"]
[Round "3"]
[White "Saunders, Mark A"]
[Black "Adrian Abad, Miguel"]
[Result "0-1"]
[WhiteElo "1852"]
[BlackElo "1686"]
[PlyCount "101"]
[EventDate "2009.12.01"]
[EventType "swiss"]
[EventRounds "8"]
[EventCountry "ESP"]
[SourceTitle "EXT 2016"]
[Source "ChessBase"]
[SourceDate "2015.10.08"]
[SourceVersion "1"]
[SourceVersionDate "2015.10.08"]
[SourceQuality "1"]

1. e4 e6 2. d4 d5 3. Nc3 Bb4 4. Nge2 dxe4 5. a3 Be7 6. Nxe4 Nc6 7. Bf4 Nf6 8. Qd3 Nh5 9. Be3 Nf6 10. 0-0-0 Nd5 11. g3 Nxe3 12. Qxe3 h6 13. Bg2 Bd7 14. d5 exd5 15. Rxd5 0-0 16. Rhd1 Nb8 17. Qd3 f5 18. Rxd7 Nxd7 19. Qxd7 Qxd7 20. Rxd7 fxe4 21. Rxe7 Rxf2 22. Bxe4 Kf8 23. Rxc7 Rxe2 24. Bd3 Rxh2 25. Rxb7 a5 26. b4 axb4 27. axb4 Rg2 28. b5 Rf2 29. b6 Rf6 30. Ra7 Rb8 31. b7 Ke7 32. Be4 Kd8 33. Ra8 Kc7 34. Rxb8 Kxb8 35. Kd2 g5 36. Ke3 Rf1 37. g4 Rf4 38. Bf3 Ra4 39. Be4 Ra3+ 40. Kd4 Rg3 41. c4 Rxg4 42. c5 Kc7 43. c6 h5 44. Ke3 h4 45. Bf3 Rf4 46. Bg2 Rb4 47. Kf2 g4 48. Bd5 Rb2+ 49. Kg1 h3 50. Kh1 g3 51. Be6 0-1

[Event "Huarte Puente Foral op-B 4th"]
[Site "Huarte"]
[Date "2009.12.02"]
[Round "2"]
[White "Adrian Abad, Miguel"]
[Black "Garcia Martinez, Oscar"]
[Result "0-1"]
[WhiteElo "1686"]
[BlackElo "1887"]
[PlyCount "50"]
[EventDate "2009.12.01"]
[EventType "swiss"]
[EventRounds "8"]
[EventCountry "ESP"]
[SourceTitle "EXT 2016"]
[Source "ChessBase"]
[SourceDate "2015.10.08"]
[SourceVersion "1"]
[SourceVersionDate "2015.10.08"]
[SourceQuality "1"]

1. d4 Nf6 2. c4 e5 3. dxe5 Ng4 4. Nf3 Bc5 5. e3 Nc6 6. Be2 Ngxe5 7. Nxe5 Nxe5 8. Nc3 d6 9. a3 a5 10. a4 0-0 11. h3 Be6 12. b3 Bb4 13. Bb2 Re8 14. 0-0 Qd7 15. Kh2 Rad8 16. Nd5 Bc5 17. Nf4 c6 18. Qc2 Bf5 19. e4 Bxe4 20. Qd1 Qf5 21. Nh5 Bd3 22. Bxe5 Qxe5+ 23. Ng3 Bxe2 24. Qxe2 Qxe2 25. Nxe2 Rxe2 0-1